000 00411nam a2200169Ia 4500
003 GCL
008 140319s9999 xx 000 0 eng d
040 _aGCL /
_cGCL
082 0 4 _a306
_bI C
100 1 _aINGLIS, FRED
245 1 0 _aCUTURAL STUDIES /
_cINGLIS, FRED
260 _a[S.N] :
_bBLACK WELL ،
_c1993
300 _a256 P P
650 0 4 _aCULTURE
650 0 4 _aCUTLURE - PHILOSOPHY
942 _2ddc
_cBK
999 _c11281
_d11281